000 02650cam a22005054i 4500
003 PE-LiUPU
005 20250731172853.0
008 160105s2015 pe a rb 000 0 spa d
020 _a9789972604423
020 _a997260442X
035 _a(Sirsi) i9789972604423
040 _aEXN
_beng
_erda
_cEXN
_dOCLCO
_dPE-LiUPU
049 _aPRUA
082 0 4 _a286.7325
_bK69r
_220
100 1 _aKnight, George R,
_eautor.
245 1 3 _aEl remanente y los disidentes /
_cGeorge R. Knight, Glúder Quispe, Alberto R. Timm.
264 1 _aLima, Perú :
_bUniversidad Peruana Unión :
_bCentro de Investigación White, Perú,
_c[2015]
300 _a320 páginas :
_bilustraciones ;
_c24 centímetros.
336 _atext
_2rdacontent
337 _aunmediated
_2rdamedia
338 _avolume
_2rdacarrier
490 1 _a(Serie Herencia Adventista ;
_vVolumen 3)
504 _aBibliografía al final de cada tema.
505 0 0 _gEl remanente en la Biblia: un pueblo escogido por gracia y para salvación -- El motivo del remanente en el libro de Apocalipsis -- Breve historia del concepto de remanente en la Iglesia Adventista del Séptimo Día -- Movimientos independientes adventistas: un panorama histórico -- La iglesia entre la Revelación y la cultura -- La fundación de los movimientos disidentes modernos del adventismo, parte 1: El surgimiento de M. L. Andreasen y la Teología de la generación final -- La fundación de los movimientos disidentes modernos del adventismo, parte 2: El rol de preguntas sobre doctrina -- La fundación de los movimientos disidentes modernos del adventismo, parte 3: El nacimiento de la Teología de 1888 de Robert Wieland y Donald Short -- En crisis con el mensaje -- El drama de la apostasía -- La iglesia y sus críticos -- Ataques contra la iglesia remanente y Ellen White en el internet -- Breve reseña biográfica de los principales disidentes de la lglesia Adventista del Séptimo Día -- El término " remanente" en los escritos de Ellen G. White.
526 _aSEG42
526 _aSEG41
526 _aSEG40
526 _aSEG39
526 _aP94
526 _aP87
526 _aP86
526 _aP85
526 _aP77
526 _aP76
526 _aP35
610 2 0 _aAdventistas del Séptimo Día
_xDoctrinas.
610 2 0 _aAdventistas del Séptimo Día
_xHistoria.
610 2 0 _aAdventistas del Séptimo Día
_xTeología.
650 0 _aIglesia remanente.
700 1 _aQuispe, Gluder,
_eautor.
700 1 _aTimm, Alberto R.,
_eautor.
942 _2ddc
_cBK
_n0
980 _81
_gALBERTO SANCHEZ Responsable de Automatización
999 _c11148
_d11148